000 00436cam a22001217a 4500
008 180718b1976 xxu||||| |||| 00| 0 eng d
082 _aY1182 B78
100 _aCentral Water Commission
245 _aBroad guidelines for preparation of project estimates for major irrigation and multipurpose projects
_cby Central Water Commission
260 _aNew Delhi
_bCentral Water Commission
_c1976
300 _a26p.
650 _aIrrigation - India
999 _c483560
_d483560